00000000nam##2200000za#4500
0019.565134
003CaOODSP
00520210624175650
007cr |||||||||||
008150406|2003||||xxc|||||o    f|0| 0 eng|d
040 |aCaOODSP|beng
043 |an-cn---
0861 |aH50-3/162-2003E-PDF
1101 |aCanada. |bHealth Canada.
24510|aFlesh-eating disease |h[electronic resource]
260 |bHealth Canada |cJanuary 2003.
300 |a2p.
4901 |aIt's your health
590 |a08-46|b2008-11-14
77508|tLa maladie mangeuse de chair |w(CaOODSP)9.596775
7760#|tFlesh-eating disease |w(CaOODSP)9.619113
830#0|aIt's your health.|w(CaOODSP)9.504723
85640|ahttp://publications.gc.ca|qPDF|s72 KB|uhttps://publications.gc.ca/collections/collection_2008/hc-sc/H50-3-162-2003E.pdf